Statistics for 20 Largest cities in Europe

Click here to take the quiz!

General Stats

  • This quiz has been taken 73 times
  • The average score is 17 of 20

Answer Stats

HintAnswer% Correct
GermanyBerlin
100%
United KingdomLondon
100%
FranceParis
100%
GreeceAthens
97%
SpainMadrid
97%
RussiaMoscow
97%
ItalyRome
96%
UkraineKiev
94%
SpainBarcelona
93%
TurkeyIstanbul
93%
United KingdomManchester
91%
PortugalLisbon
90%
ItalyMilan
88%
BelgiumBrussels
85%
HungaryBudapest
85%
RussiaSt. Petersburg
85%
ItalyNaples
76%
NetherlandsRotterdam
72%
United KingdomBirmingham
71%
GermanyDüsseldorf
35%

Score Distribution

Percentile by Number Answered

Percent of People with Each Score

Your Score History

You have not taken this quiz